000 00511nam a2200169Ia 4500
999 _c20096
_d20096
003 OSt
005 20200701123900.0
008 190216s9999||||xx |||||||||||||| ||und||
020 _a0226067084
040 _coclc
082 _a909
_bBOS/D
100 _aBossuet, Jacques Benigne
_93397
245 0 _aDiscourse On Universal History /
_cJacques Benigne Bossuet
260 _bThe University Of Chicago Press,
_c1976.
_aLondon:
300 _a376p
942 _cBK
_2ddc
_h909
_iBOS/D
_k909
_mBOS/D